UM Logo

The written world: (Record no. 3476)

MARC details
000 -LEADER
fixed length control field 00631nam a22002057a 4500
003 - CONTROL NUMBER IDENTIFIER
control field OSt
005 - DATE AND TIME OF LATEST TRANSACTION
control field 20160716154307.0
008 - FIXED-LENGTH DATA ELEMENTS--GENERAL INFORMATION
fixed length control field 160716b xxu||||| |||| 00| 0 eng d
020 ## - INTERNATIONAL STANDARD BOOK NUMBER
International Standard Book Number 0-06-044526-2
040 ## - CATALOGING SOURCE
Transcribing agency LIC
082 ## - DEWEY DECIMAL CLASSIFICATION NUMBER
Edition number 1989
Classification number DC 808.0427
Item number M61
100 ## - MAIN ENTRY--PERSONAL NAME
9 (RLIN) 11594
Personal name Miller, Susan
245 ## - TITLE STATEMENT
Title The written world:
Remainder of title reading and writing in social contexts/
Statement of responsibility, etc. Susan Miller.
260 ## - PUBLICATION, DISTRIBUTION, ETC. (IMPRINT)
Place of publication, distribution, etc. New York:
Name of publisher, distributor, etc. Harper & Row Publishers,
Date of publication, distribution, etc. c1989.
300 ## - PHYSICAL DESCRIPTION
Extent xxvii, 611 pages;
Dimensions 23 cm.
650 #0 - SUBJECT ADDED ENTRY--TOPICAL TERM
9 (RLIN) 11595
Topical term or geographic name as entry element Readers
General subdivision Social sciences
650 #0 - SUBJECT ADDED ENTRY--TOPICAL TERM
9 (RLIN) 11597
Topical term or geographic name as entry element College readers
650 #0 - SUBJECT ADDED ENTRY--TOPICAL TERM
9 (RLIN) 11599
Topical term or geographic name as entry element English language
General subdivision Rhetoric
942 ## - ADDED ENTRY ELEMENTS (KOHA)
Source of classification or shelving scheme Dewey Decimal Classification
Koha item type Circulation
Holdings
Withdrawn status Lost status Source of classification or shelving scheme Damaged status Not for loan Collection code Home library Current library Date acquired Total Checkouts Full call number Barcode Date last seen Date last checked out Price effective from Koha item type
    Dewey Decimal Classification     Circulation UM Digos College - LIC UM Digos College - LIC 05/31/1995 6 DC 808.0427 M61 1989 11874 05/15/2025 08/01/2017 07/16/2016 Circulation